Luyện thép
Gespeichert in:
| 1. Verfasser: | |
|---|---|
| Format: | Buch |
| Sprache: | Undetermined |
| Veröffentlicht: |
H.
Giáo Dục
1965
|
| Schlagworte: | |
| Tags: |
Tag hinzufügen
Keine Tags, Fügen Sie den ersten Tag hinzu!
|
| Thư viện lưu trữ: | Trung tâm Học liệu Trường Đại học Cần Thơ |
|---|
| LEADER | 00567nam a2200193Ia 4500 | ||
|---|---|---|---|
| 001 | CTU_11469 | ||
| 008 | 210402s9999 xx 000 0 und d | ||
| 082 | |a 669.1 | ||
| 082 | |b H419/T2 | ||
| 100 | |a Vương Thư Lê ... [et al.] | ||
| 245 | 0 | |a Luyện thép | |
| 245 | 0 | |c Vương Thư Lê ... [et al.];Nguyễn Kế Bính và Đỗ Quang Toàn biên dịch | |
| 260 | |a H. | ||
| 260 | |b Giáo Dục | ||
| 260 | |c 1965 | ||
| 650 | |a steel | ||
| 650 | |x metallurgy | ||
| 904 | |i Minh | ||
| 980 | |a Trung tâm Học liệu Trường Đại học Cần Thơ | ||